00439ntaaa2200157 45000030003000000050017000030080021000200400037000410820017000781000019000952450036001142500010001502600044001603000010002045000067002140120251027201815.00714s1973 ag 01  aAR-BaBNbspacAR-BaBNeaacrdRIC a242.4000 N14 aNall, T. Otto  aThe Bible when you need it most a1 ed. aNew York : bAssociation Press, cc1958 a127 p aMeditaciones personales de la Biblia para problemas especiales